000 00566nam#a2200229#c#4500
003 IEF
005 20180219171200.0
008 941205s1978 uuu####fr####| 0||u| |u
040 _aIEF
100 1 _aDi Renzo, Francesco
_912889
245 _aManuale di contabilita pubblica
250 _a10ª ed.
260 _c1978
300 _aXX, 923 p.
_c 24 cm.
500 _aContiene indices y bibliografía
650 4 _aITALIA
_947518
650 4 _aHACIENDA PUBLICA
_950201
650 4 _aCONTABILIDAD
_940740
942 _cLIB
942 _z33681
999 _c111889
_d111889